Field antenna handbook.

Bibliographic Details
Main Author: Kuch, James A.
Corporate Author: United States. Marine Corps
Format: Government Document Book
Language:English
Published: [Washington, D.C.] : U.S. Marine Corps, 1991
Series:FMFRP ; 3-34.
Subjects:

MARC

Tag First Indicator Second Indicator Subfields
LEADER 00000cam a2200000 a 4500
001 in00001402751
005 20151020052147.0
008 920203r19911984dcua bf f000 0 eng d
010 |a gp 97065540  
035 |a (OCoLC)25209746 
035 |9 AHM2865AM 
037 |a PCN 140 033400 00  |b MC 
040 |d GPO  |d DLC  |d MvI  |d UtOrBLW 
043 |a n-us--- 
074 |a 0384-A-08 
086 0 |a D 214.9/6:3-34 
090 |a TK7871.6  |b .K8 1991 
100 1 |a Kuch, James A. 
245 1 0 |a Field antenna handbook. 
264 1 |a [Washington, D.C.] :  |b U.S. Marine Corps,  |c 1991 
264 3 |c 1997 printing. 
300 |a v, 87 pages :  |b illustrations ;  |c 20 cm. 
336 |a text  |b txt  |2 rdacontent 
337 |a unmediated  |b n  |2 rdamedia 
338 |a volume  |b nc  |2 rdacarrier 
490 1 |a FMFRP ;  |v 3-34 
500 |a Cover title. 
500 |a Originally published: Annapolis, Md. : Dept. of Defense, Electromagnetic Compatibility Analysis Center, 1984. 
500 |a Shipping list number 97-0300-P. 
500 |a "5 March 1991"--P. [1], 1st group. 
504 |a Includes bibliographical references (page 87). 
650 0 |a Antennas (Electronics)  |x Handbooks, manuals, etc. 
650 0 |a Radio, Military  |z United States  |x Handbooks, manuals, etc. 
710 1 |a United States.  |b Marine Corps. 
830 0 |a FMFRP ;  |v 3-34. 
999 |a MARS 
999 f f |s 13e9a52e-a438-3dd7-a244-912e17015076  |i eeef7fd0-9671-3461-9554-7cdf5ffacd7b  |t 0 
952 f f |p normal  |a Texas A&M University  |b College Station  |c Sterling C. Evans Library  |d Evans: US Documents (Annex 5th floor)  |t 0  |e D 214.9/6:3-34  |h Superintendent of Documents classification  |i unmediated -- volume  |m A14821280125 
998 f f |a D 214.9/6:3-34  |t 0  |l Evans: US Documents (Annex 5th floor)